Farm animal behaviour ; (Record no. 18990)
[ view plain ]
| 000 -LEADER | |
|---|---|
| fixed length control field | 00592cam a2200181 4500 |
| 020 ## - INTERNATIONAL STANDARD BOOK NUMBER | |
| ISBN | 0702004456 |
| 020 ## - INTERNATIONAL STANDARD BOOK NUMBER | |
| ISBN | 9780702004452 |
| 040 ## - CATALOGING SOURCE | |
| Transcribing agency | DLC |
| 082 00 - DEWEY DECIMAL CLASSIFICATION NUMBER | |
| Classification number | 636 BAI 1990 C157 Or. |
| 100 1# - MAIN ENTRY--AUTHOR NAME | |
| Personal name | Fraser, Andrew F |
| 245 10 - TITLE STATEMENT | |
| Title | Farm animal behaviour ; |
| Remainder of title | an introductory textbook on the study of behaviour as applied to horses, cattle, sheep and pigs / |
| 300 ## - PHYSICAL DESCRIPTION | |
| Number of Pages | ix, 196 pages : |
| Other physical details | illustrations ; |
| Dimensions | 22 cm |
| 500 ## - GENERAL NOTE | |
| General note | Imprint covered by label: Williams & Wilkins, Baltimore |
| 650 #0 - SUBJECT ADDED ENTRY--TOPICAL TERM | |
| Topical Term | Domestic animals |
| 650 #2 - SUBJECT ADDED ENTRY--TOPICAL TERM | |
| Topical Term | Animals, Domestic |
| 650 #2 - SUBJECT ADDED ENTRY--TOPICAL TERM | |
| Topical Term | Behavior, Animal |
| 942 ## - ADDED ENTRY ELEMENTS (KOHA) | |
| Koha item type | ADB |
| 952 ## - LOCATION AND ITEM INFORMATION (KOHA) | |
| Withdrawn status [LOCAL, KOHA] | 0 |
| Source of acquisition | Permanent Location | Date acquired | Koha item type | Lost status | Shelving location | Current Location | Full call number |
|---|---|---|---|---|---|---|---|
| A39580 | Library Block C | 2020-02-19 | សៀវភៅភាសាអង់គ្លេស | C157 | Library Block C | 636 BAI 1990 C157 Or. |